000 01294nam a2200337 i 4500
001 000039583
003 DO-SdBNP
005 20250924073803.0
007 ta
008 130708s2007 dr ac 000 0 spa d
020 _a9789993462996
040 _aDO-SdBNP
_bspa
_cBNPHU
_erda
041 _aspa
082 4 _a378.7293
_bF825h
_222
100 1 _aFranco, Franklin,
_eautor
_4aut.
_934451
245 1 0 _aHistoria de la UASD y de los estudios superiores /
_cFranklin Franco.
264 4 _aSanto Domingo :
_bEditora Universitaria-UASD,
_c©2007.
300 _a423 páginas :
_bilustraciones, retratos ;
_c30 cm.
336 _atexto
_btxt
_2rdacontent
337 _asin mediación
_bnc
_2rdamedia
338 _avolumen
_bnc
_2rdacarreie
490 1 _aColección Publicaciones de la Universidad Autónoma de Santo Domingo
_v1375
490 1 _aSerie Literatura y sociedad
_v125
504 _aBibliografía : páginas 413-422
590 _aInventariado, 2023/MFF
610 1 0 _aUniversidad Autónoma de Santo Domingo
_xHistoria
_972951
650 4 _aEducación superior
_zRepública Dominicana
_xHistoria
_919721
830 _aPublicaciones de la Universidad Autónoma de Santo Domingo
_v1375
_pSerie Literatura y sociedad
_n125
_952
910 _aValidado. Control de calidad MFF
942 _2ddc
_cLBS1
999 _c39073
_d39073